| 000 | 00556nam a2200181Ia 4500 | ||
|---|---|---|---|
| 999 |
_c10980 _d10980 |
||
| 003 | OSt | ||
| 005 | 20191231154646.0 | ||
| 008 | 190216s9999||||xx |||||||||||||| ||und|| | ||
| 020 | _a9788183700627 | ||
| 040 | _coclc | ||
| 082 |
_a336.200954133 _bMIS/E |
||
| 100 |
_aMishra, Bageerath _9368 |
||
| 245 | 0 |
_aEconomics Of Taxation Theory And Application / _cB Mishra |
|
| 260 |
_bAkansha Publishing House, _c2006. _aNew Delhi: |
||
| 300 | _a173p | ||
| 650 | _aEconomics | ||
| 942 |
_cBK _2ddc _h336.200954133 _iMIS/E _k336.200954133 _mMIS/E |
||